| 000 | 00771nam a2200205 i 4500 | ||
|---|---|---|---|
| 001 | 166910 | ||
| 003 | ES-MaACL | ||
| 005 | 20230906213427.0 | ||
| 008 | 000703s1892 sp |||| | spa d | ||
| 100 | 1 |
_aValera Jiménez, Tomás. _9133504 |
|
| 245 | 1 | 0 |
_aRopas de la mujer / _cValera Jiménez. |
| 260 |
_aMadrid : _b[s.n.], _c1892 ( _fEst. Tip. de Lucas Polo) |
||
| 300 |
_a77 p. ; _c21 cm. |
||
| 490 | 1 |
_aApuntes de higiene. Colección de artículos ; _v2 |
|
| 650 | 4 |
_aMujeres- _xSalud e higiene. _9140598 |
|
| 650 | 4 |
_aPrendas de vestir femeninas. _9172597 |
|
| 830 | 1 |
_aApuntes de higiene. Colección de artículos ; _v2 _9222587 |
|
| 852 |
_aES-MaACL _jT-686-F-2 _z- Enc. hol., conservando cub. original _z- Enc. en un vol. facticio |
||
| 999 |
_c166910 _d166910 |
||